000 00743nam a2200205Ia 4500
003 GCL
008 140319s9999 xx 000 0 ara d
040 _aGCL /
_cGCL
082 0 4 _a130.32
_bا هـ
100 1 _aاولمان, صمويل
245 1 0 _aهل انت حى: مختار المختار 1943 - 1946 (هدية من الاديب عبدالفتاح الجمل) /
_cاولمان, صمويل
700 1 _aتشايس، ستيوارت
700 1 _aمارستن, وليم مولتون
300 _a96 ص
490 _aكتاب
_v0
650 0 4 _aالمقالات الغربية - مجموعات
650 0 4 _aالسعادة - مقالات ومحاضرات
650 0 4 _aالامل - مقالات ومحاضرات
942 _2ddc
_cBK
999 _c41191
_d41191